PHARMACEUTICAL ANALYSIS (Record no. 8156)

MARC details
000 -LEADER
fixed length control field 00335nam a22001577a 4500
003 - CONTROL NUMBER IDENTIFIER
control field SGT
020 ## - INTERNATIONAL STANDARD BOOK NUMBER
International Standard Book Number 978-81-239-1692-7
082 ## - DEWEY DECIMAL CLASSIFICATION NUMBER
Classification number 615.190, P14K
100 ## - MAIN ENTRY--PERSONAL NAME
Personal name KAR, ASHUTOSH
245 ## - TITLE STATEMENT
Title PHARMACEUTICAL ANALYSIS
250 ## - EDITION STATEMENT
Edition statement 1ST
260 ## - PUBLICATION, DISTRIBUTION, ETC. (IMPRINT)
Place of publication, distribution, etc DELHI
Name of publisher, distributor, etc CBS
Year of Publication 2014
300 ## - PAGE DESCRIPTION
No. of Pages 597
650 ## - SUBJECT ADDED ENTRY--TOPICAL TERM
Topical term or geographic name as entry element PHARMACEUTICAL
942 ## - ADDED ENTRY ELEMENTS (KOHA)
Source of classification or shelving scheme Dewey Decimal Classification
Koha item type Books
942 ## - ADDED ENTRY ELEMENTS (KOHA)
-- 3
Holdings
Withdrawn status Lost status Source of classification or shelving scheme Damaged status Not for loan Collection code Home library Current library Shelving location Date acquired Vendor Name Cost, normal purchase price Volume Information (Serial or Books or Non-Book Material) SGTU Bill Number Total Checkouts Full call number Accession No. (Barcode) Date last seen Date last borrowed Bill Date Koha item type
    Dewey Decimal Classification     PHARMACY SGT FA-FP Library SGT FA-FP Library Text Book 12/12/2015 AHUJA BOOK COMPNY 495.00 II SGTU 6162 5 615.190, P14K FP1616 23/02/2019 23/02/2019 06/10/2015 Books
    Dewey Decimal Classification     PHARMACY SGT FA-FP Library SGT FA-FP Library Text Book 12/12/2015 AHUJA BOOK COMPNY 495.00 II SGTU 6162 6 615.190, P14K FP1617 07/12/2022 11/03/2020 06/10/2015 Books
    Dewey Decimal Classification     PHARMACY SGT FA-FP Library SGT FA-FP Library Text Book 12/12/2015 AHUJA BOOK COMPNY 495.00 II SGTU 6162 8 615.190, P14K FP1618 13/07/2021 27/01/2021 06/10/2015 Books
    Dewey Decimal Classification     PHARMACY SGT FA-FP Library SGT FA-FP Library Text Book 12/12/2015 AHUJA BOOK COMPNY 495.00 II SGTU 6162 8 615.190, P14K FP1619 26/03/2021 16/03/2021 06/10/2015 Books
    Dewey Decimal Classification     PHARMACY SGT FA-FP Library SGT FA-FP Library Text Book 12/12/2015 AHUJA BOOK COMPNY 495.00 II SGTU 6162 8 615.190, P14K FP1620 20/12/2017 18/12/2017 06/10/2015 Books
    Dewey Decimal Classification     PHARMACY SGT FA-FP Library SGT FA-FP Library Text Book 12/12/2015 AHUJA BOOK COMPNY 495.00 II SGTU 6162 7 615.190, P14K FP1621 11/05/2022 18/02/2022 06/10/2015 Books
    Dewey Decimal Classification     PHARMACY SGT FA-FP Library SGT FA-FP Library Text Book 12/12/2015 AHUJA BOOK COMPNY 495.00 II SGTU 6162 8 615.190, P14K FP1622 23/02/2019 23/02/2019 06/10/2015 Books
    Dewey Decimal Classification     PHARMACY SGT FA-FP Library SGT FA-FP Library Text Book 12/12/2015 AHUJA BOOK COMPNY 495.00 II SGTU 6162 8 615.190, P14K FP1623 16/12/2022 01/12/2022 06/10/2015 Books
    Dewey Decimal Classification     PHARMACY SGT FA-FP Library SGT FA-FP Library Text Book 12/12/2015 AHUJA BOOK COMPNY 495.00 II SGTU 6162 8 615.190, P14K FP1624 15/02/2019 30/01/2019 06/10/2015 Books
    Dewey Decimal Classification     PHARMACY SGT FA-FP Library SGT FA-FP Library Text Book 12/12/2015 AHUJA BOOK COMPNY 495.00 II SGTU 6162 4 615.190, P14K FP1625 25/03/2021 16/03/2021 06/10/2015 Books